000 00851nam a22002297a 4500
005 20120411115531.0
008 120411t xxu||||| |||| 00| 0 eng d
010 _aENG-105310
020 _a9788125953074
_c200.00
035 _aEN-88843
037 _bDBAD/PUB
040 _aDPL
_bEng
082 _a344.4201
100 _944715
_aKuchhal, M.C.
245 _aBusiness and industrial laws :
_cby M.C.Kuchhal
_ba text book for B.com.semester II, University of Delhi /
250 _a2nd rev. ed
260 _aNoida
_bVikas Publishing House
_c2012
270 _aE-28,Sector-8,
_bNoida
_e201301
300 _aviii,303p.
_c22cm(pbk)
942 _2ddc
_cEN
_mKUC
_h344.4201
999 _c66682
_d66682